[Event "FIDE World Cup"]
[Site "Khanty-Mansiysk"]
[Date "2005.11.30"]
[Round "2.1"]
[White "Sadvakasov, Darmen"]
[Black "Aronian, Levon"]
[Result "0-1"]
[WhiteElo "2612"]
[BlackElo "2724"]
[Annotator "Postny,E"]
[PlyCount "100"]
[EventDate "2005.11.27"]
[EventType "k.o."]
[EventRounds "7"]
[EventCountry "RUS"]
[SourceTitle "CBM 111"]
[Source "ChessBase"]
[SourceDate "2006.04.04"]
[SourceVersion "1"]
[SourceVersionDate "2006.04.04"]
[SourceQuality "1"]

1. e4 e5 2. Nf3 Nc6 3. Bb5 Nf6 4. O-O Nxe4 5. d4 Nd6 6. Bxc6 dxc6 7. dxe5 Nf5
8. Qxd8+ Kxd8 9. Nc3 Ne7 10. Ne4 h6 ({Other popular continuations are:} 10...
Ng6 11. Re1 h6) ({and} 10... Ke8) 11. h3 Bf5 12. Re1 b6 {[%cal Yd8c8,Yc8b7]
Covering c5 square and preparing a shelter for black's king.} (12... Nd5 13.
Nd4 Bg6 14. Bd2 c5 15. Nb5 a6 16. Na3 Kc8 17. Rad1 Nb4 18. Bxb4 cxb4 19. Nc4 a5
20. Rd5 b6 21. Ned6+ $36 {0-1 Shirov,A-Almasi,Z/Monte Carlo 2003/CBM 93 ext 
(30)}) 13. g4 Bh7 $6 $146 {In the Berlin defense it's unusual to see black's
bishop hiding on h7. I think that the previously played 13...Bd7 is preferable.
} (13... Bd7 14. Bf4 (14. Ng3 c5 15. Nh4 Nc6 16. c3 Be7 17. Ng2 Re8 18. f4 Kc8
19. Be3 $14 {1-0 De Firmian,N (2549)-Hess,R (2278)/Minneapolis 2005/CBM 107 
(53)}) 14... Kc8 (14... h5 $6 15. Neg5 Ke8 16. Nxf7 Kxf7 17. e6+ Bxe6 18. Ng5+
Kg8 19. Nxe6 $16 {Wedberg}) 15. Rad1 a5 16. Bg3 c5 17. Nh4 a4 18. Ng2 (18. f4
$5 {[%cal Yf4f5] Wedberg}) 18... a3 19. b3 $14 {0-1 Bologan,V (2679)
-Aleksandrov,A (2679)/Poikovsky 2004/CBM 100/[Wedberg] (57)}) 14. Bf4 $1 {
It's important for white to solve the problem of his dark-squared bishop.
Sadvakasov trasfering the bishop to g3, where it will support white's central
Pe5 and at the same time won't obstruct white's other pieces.} Kc8 15. Bg3 c5
16. c3 Nc6 17. Nfd2 Kb7 18. f4 {White is clearly better now, as he succeeded
to roll forward his kingside pawn majority, while black didn't achieve any
real counterplay yet. Moreover, black's light-squared is in danger to be
locked after f4-f5, emphasizing the drawback of 13...Bh7.} Rd8 19. Nf3 c4 20.
Kg2 Rd5 21. Rac1 {This move is somewhat misterious.} ({It was possible to move
forward right now:} 21. f5) 21... Nb8 $6 {This move is even more misterious
and also a provocative one.} ({What was wrong with} 21... Be7 {?}) 22. f5 Ra5
23. a3 g6 24. f6 (24. Nf6 $2 gxf5 25. Nxh7 fxg4 {and black is okay.}) 24... g5
$8 {Otherwise white would play g4-g5 locking the Bh7 forever.} 25. e6 $2 {
White had several attractive continuations, but this one is definitely not the
best choice.} (25. Nexg5 $2 hxg5 26. Nxg5 Bg6 27. Nxf7 Bxf7 28. e6 Bg6 29. h4
Bh6 30. Rcd1 Rb5 $17) ({Good enough was} 25. Ned2 {[%csl Rc4]} Bd3 {and only
now} 26. e6 $1 fxe6 27. Ne5 $16 {[%csl Rc4]}) ({Also possible} 25. Rcd1 Rb5 26.
Rd2 {not forcing the matters at the moment.}) 25... fxe6 26. Ne5 Rd5 27. Nf2 (
27. Nxc4 Nd7 $132) 27... Bc5 28. Ne4 Bf8 (28... Bxe4+ $2 29. Rxe4 Rd2+ 30. Kh1
Rxb2 31. f7 $16 {[%csl Gf7]}) 29. Nxc4 $5 {Sadvakasov decided not to repeat
moves, but his advantage has gone already...} Nd7 30. Re2 Bg6 31. Rce1 Rg8 32.
Rf2 Bf7 {Aronian has managed to block white's passed pawn and consolidate his
position. White's position gradually deteriorates.} 33. Ne3 Rd3 34. Rfe2 {
White's pieces are placed seemingly active, but he has no concrete plan.
Black's position is much better in the long run.} e5 {Opening the diagonal for
the light-squared bishop.} 35. Nf5 Rg6 36. Nf2 Bd5+ 37. Kh2 Rf3 38. Rd2 Bc6 39.
f7 (39. Bxe5 Nxe5 40. Rxe5 Rxf6 41. Ne4 Rf7 $15) 39... Rf6 40. Ne4 $2 {This
looks like a nervous move, typical for time-trouble..} (40. Bxe5 {was
necessary.}) 40... Rxf7 41. Rde2 a5 42. Re3 Rxe3 43. Rxe3 a4 44. c4 Nc5 45.
Nxc5+ Bxc5 46. Rxe5 {White captured this pawn anyway, but now it's too late...}
Rd7 {The following penetration of black's rook is decisive. Black's bishops
control the whole board and the white king is in a mating net.} 47. Re2 Bf3 48.
Rc2 Rd1 49. Be5 Be4 50. Re2 Bg1+ 0-1

[Event "Moscow Aeroflot op-A"]
[Site "Moscow"]
[Date "2006.02.12"]
[Round "5"]
[White "Izoria, Zviad"]
[Black "Sorokin, Maxim"]
[Result "1/2-1/2"]
[WhiteElo "2652"]
[BlackElo "2560"]
[Annotator "Postny,E"]
[PlyCount "51"]
[EventDate "2006.02.08"]
[EventType "swiss"]
[EventRounds "9"]
[EventCountry "RUS"]
[SourceTitle "CBM 112"]
[Source "ChessBase"]
[SourceDate "2006.06.07"]
[SourceVersion "1"]
[SourceVersionDate "2006.06.07"]
[SourceQuality "1"]

1. e4 e5 2. Nf3 Nc6 3. Bb5 Nf6 4. O-O Nxe4 5. d4 Nd6 6. Bxc6 dxc6 7. dxe5 Nf5
8. Qxd8+ Kxd8 9. Nc3 Ne7 {This knight manouevre is very common nowadays. The
knight goes to g6 attacking white's far advanced Pe5.} 10. h3 Bf5 {This move
is natural, but somewhat risy. Black attacks the Pc2 and intends to hide his
king on a the queenside. On the other hand, black's bishop might get under
attack by white's pawns and knights.} ({More popular continuations are:} 10...
Ng6) ({and} 10... Ke8) 11. Rd1+ (11. g4 $5 {This pawn sacrifice is definitely
a deserving alternative. At a price of a pawn white wins several tempoes for
advancing his pawn majority on the kingside.} Bxc2 12. Nd4 Bg6 13. f4 c5 14.
Nf3 $1 f5 15. Nh4 $1 $44 {1-0 Parligras,M (2560)-Aleksandrov,A (2635)/Warsaw
2005/CBM 108_01/[Postny,E] (44)}) 11... Kc8 12. Nd4 (12. Rd2 h6 13. b3 b6 14.
Bb2 Kb7 15. Rad1 Ng6 16. Ne2 a5 17. Ng3 Be6 18. Nh5 c5 19. a4 Rg8 20. c4 Be7
21. g4 Rae8 22. Kg2 Nf8 23. Ng1 g6 24. Nf6 Bxf6 25. exf6 g5 $132 {[%cal Gf8g6]
1/2-1/2 Ehlvest,J (2631)-Mitkov,N (2539)/Mallorca 2004/CBM 104 (48)}) 12... Bg6
13. Bg5 ({The following game was played 1 week later in the key Bundesliga
match:} 13. Bf4 b6 14. e6 Kb7 15. Re1 f6 16. Rad1 Rc8 17. Rd2 h5 18. Bh2 h4 19.
Nf3 Be8 20. Rd4 g5 21. Ne4 Rh6 22. Rdd1 Nf5 23. Nd4 Nxd4 24. Rxd4 Be7 $14 {
1/2-1/2 Anand,V-McShane,L/Germany 2006/CBM 112_01/[Postny,E] (70)}) 13... c5
14. Ndb5 $5 {Izoria does not want to retreat and goes for a concrete idea.} (
14. Nde2 h6 $11 (14... Bxc2 $2 15. Rd2 Bf5 16. Rad1)) 14... a6 15. Nd6+ {
The point of white's previous manoeuvre.} cxd6 16. exd6 f6 $1 {This is the
only defense.} (16... Nc6 $2 17. d7+ Kb8 18. d8=Q+ Nxd8 19. Rxd8+ Ka7 20. Rad1
Bxc2 21. Rxa8+ Kxa8 22. Rd8+ Ka7 23. Be3 $1 Kb6 (23... b6 $2 24. Rd7+ Kb8 25.
Nd5 $18 {[%csl Rb8]}) 24. Rc8 $1 Bf5 25. Bxc5+ Bxc5 26. Rxh8 {and white should
win.}) 17. dxe7 Bxe7 18. Nd5 Bd8 19. Be3 b6 20. b4 {The only chance to fight
for the initiative before black consolidates his pieces.} Kb7 $1 $11 {[%mdl
256] Again, Sorokin finds the most accurate defense.} (20... cxb4 21. Nxb4 (21.
Bxb6 Rb8) 21... Bc7 22. Nd5 Rd8 23. a4 (23. Nxb6+ Bxb6 24. Bxb6 Rxd1+ 25. Rxd1
Bxc2 26. Rc1 Kb7 $11) 23... Kb7 (23... Bxc2 24. Nxc7 Rxd1+ 25. Rxd1 Ra7 $8 26.
Nb5 Bxd1 27. Nxa7+ Kb7 28. a5 Kxa7 $11) 24. Nxc7 Rxd1+ 25. Rxd1 Kxc7 26. Rb1
$14) 21. bxc5 bxc5 22. Bxc5 (22. Rab1+ Kc6 {yields white nothing.}) 22... Rc8
23. Rab1+ Ka8 {The black king arrived to a safe corner.} 24. Bb6 Bxc2 25. Rdc1
Bf5 26. Rxc8+ {The position is drawish.} (26. Rxc8+ Bxc8 27. Bxd8 Rxd8 28. Nb6+
Ka7 29. Nxc8+ Rxc8 $11) 1/2-1/2

[Event "Bundesliga 0506"]
[Site "Germany"]
[Date "2005.11.12"]
[Round "3.1"]
[White "Bacrot, Etienne"]
[Black "Gyimesi, Zoltan"]
[Result "1-0"]
[WhiteElo "2725"]
[BlackElo "2624"]
[Annotator "Postny,E"]
[PlyCount "83"]
[EventDate "2005.10.21"]
[EventType "team-tourn"]
[EventRounds "15"]
[EventCountry "GER"]
[SourceTitle "CBM 110"]
[Source "ChessBase"]
[SourceDate "2006.01.31"]
[SourceVersion "1"]
[SourceVersionDate "2006.01.31"]
[SourceQuality "1"]
[WhiteTeam "Baden-Baden"]
[BlackTeam "Eppingen"]
[WhiteTeamCountry "GER"]
[BlackTeamCountry "GER"]

1. e4 e5 2. Nf3 Nc6 3. Bb5 Nf6 4. O-O Nxe4 5. d4 Nd6 6. Bxc6 dxc6 7. dxe5 Nf5
8. Qxd8+ Kxd8 9. Nc3 Ne7 10. h3 Ng6 11. Bd2 {Bacrot chooses a quiet move,
which should not be that dangerous for black. More common and tempting is 11.
Bg5.} (11. Bg5+ Ke8 12. Rad1 {Threatening mate in one.} Be6 (12... Bd7 {
appeared more often in the games of several top players including Kramnik.})
13. Nd4 Bc4 {Basically, black should keep this bishop out of the exchange.} (
13... Bb4 14. Nxe6 fxe6 15. Ne4 Nxe5 16. Bf4 Nf7 17. Bxc7 Rc8 18. Bg3 $14 {
1-0 Ivanchuk,V-Shirov,A/Monte Carlo 1998 (59)}) 14. Rfe1 h6 $146 (14... Bb4 15.
Nf5 Bxc3 16. bxc3 Rg8 17. a3 h6 18. Bc1 Be6 19. Nd4 Ne7 20. f4 h5 21. Kf2 Rd8
22. Be3 b6 23. Rd2 c5 24. Nxe6 Rxd2+ 25. Bxd2 fxe6 $11 {1/2-1/2 Leko,P-Kramnik,
V/Dortmund playoff 2004 (34)}) 15. Bd2 Rd8 16. Re4 {[%csl Rc4][%cal Gd4c6]} Bd5
17. Nxd5 cxd5 18. Ree1 $14 {1-0 Motylev,A (2675)-Zhang Zhong (2608)/Tiayuan
2005/CBM 108/[Postny] (40)}) 11... h6 $146 (11... Be7 12. Rad1 Ke8 13. Rfe1 a6
14. Ne4 Kf8 15. a3 c5 16. Be3 b6 17. Nc3 Bf5 18. Rd2 h6 19. Nd5 Bd8 20. a4 a5
21. Red1 Ke8 22. Nc3 Nf8 {1/2-1/2 Lutz,C (2609)-Khenkin,I (2603)/Eppingen GER
2005/The Week in Chess 573}) 12. Rad1 Bd7 13. Ne4 c5 14. Ng3 $1 {The right
manoeuvre. White's knight is heading to h5.} Kc8 15. Rfe1 Be7 16. Bc3 {[%cal
Gc3g7] Threatening e5-e6.} Rg8 17. Nh5 $1 {This knight is always very
unpleasant for black in the "Berlin wall" setup. Black's rook is now tied to
defend the Pg7.} Be6 18. a4 b6 19. Nh2 {Preparing the advance of the kingside
pawn majority.} Nf8 20. g4 g6 21. Nf6 $5 {This decision is controversial.} (21.
Nf4 $14 {After the elimination of black's light-squared bishop, white gets a
small, but long-lasting advantage.}) 21... Bxf6 22. exf6 g5 23. Nf3 Ng6 24. Ne5
Nxe5 $6 {After this exchange black has no active counterplay whatsoever.} ({
Black seems to be okay after} 24... Nf4 25. Kh2 Nd5) 25. Rxe5 Kb7 26. Kg2 Kc6 {
Black managed to solve the problem of his king and connect both rooks. However,
his pawn chain h6-g5 is quite vulnerable, so white has considerable advantage
here.} 27. Kg3 Rg6 28. Re3 Rag8 29. Red3 (29. f4 $2 gxf4+ 30. Kxf4 Bxg4 $1 31.
hxg4 Rxg4+ 32. Kf3 Rg3+ 33. Ke2 Rg2+ 34. Ke1 Rh2 35. Kf1 Rh1+ 36. Ke2 Rh2+ 37.
Kf3 Rh3+ 38. Kf4 Rh4+ $11) 29... h5 {Trying to create some counterplay along
the "h" file.} 30. f3 hxg4 31. fxg4 $1 {Correcting the pawn structure.} Rh8 32.
Rd8 Rh4 ({After} 32... Rxd8 $2 33. Rxd8 {[%csl Rg6] white is simply winning
since black's rook is locked.}) 33. Re1 Rh7 34. Re2 Rgh6 35. Rh2 Rh4 {[%cal
Ge6g4]} 36. Rdd2 R7h6 $2 (36... R4h6 {keeping a worse, but probably defendable
position.}) 37. Rde2 {Suddenly, white has two threats 38.Rxe6 and 38.Bd2.} Rh8
(37... Bc4 38. Re7 $18) 38. Rxe6+ $1 fxe6 39. f7 $4 (39. Bd2 {was winning
easily. After the capture of Pg5 white will just roll his three connected
passed pawns.}) 39... R4h7 $4 ({Why not} 39... Rf8 {[%csl Rf7] ?}) 40. Bxh8
Rxh8 41. Rf2 Rf8 42. h4 {[%csl Gg4][%cal Gg4g5,Gg5g6,Gg6g7]} 1-0

[Event "Poikovsky Karpov 11th"]
[Site "Poikovsky"]
[Date "2010.06.03"]
[Round "2"]
[White "Karjakin, Sergey"]
[Black "Naiditsch, Arkadij"]
[Result "1-0"]
[WhiteElo "2739"]
[BlackElo "2686"]
[Annotator "Postny,E"]
[PlyCount "71"]
[EventDate "2010.06.02"]
[EventType "tourn"]
[EventRounds "11"]
[EventCountry "RUS"]
[EventCategory "18"]
[SourceTitle "CBM 137"]
[Source "ChessBase"]
[SourceDate "2010.07.15"]
[SourceVersion "1"]
[SourceVersionDate "2010.07.15"]
[SourceQuality "1"]

1. e4 e5 2. Nf3 Nc6 3. Bb5 Nf6 4. O-O Nxe4 5. d4 Nd6 6. Bxc6 dxc6 7. dxe5 Nf5
8. Qxd8+ Kxd8 9. Nc3 Ne7 10. Ne4 h6 ({An attempt to do without the move ...
h7-h6 wasn't successful:} 10... Ng6 11. b3 Ke8 12. Bb2 Bf5 13. Rfe1 Nf4 14. g3
Ne6 15. Nh4 Bg4 16. f3 Bh5 17. f4 Rd8 18. f5 Nc5 19. Nf2 Rd2 20. Rac1 $16 {
[%cal Gg3g4] 1-0 Gashimov,V (2730)-Onischuk,A (2684)/Poikovsky 2009/CBM 131 
(28)}) 11. Rd1+ {Normally White plays h2-h3 in this system, but in the current
game Karjakin tries to do without it in order to save a tempo.} (11. h3 Ng6 12.
Re1 {has appeared in practice many times.}) 11... Ke8 12. Nd4 Ng6 13. f4 Nh4 {
The typical battle in the Berlin Defence is on. White is trying to push
forward his kingside pawn majority, while Black is trying to block it.} 14. b3
{I am not sure that this move is necessary. Worth considering is 14.Kf2; the
king can actually help in the kingside offensive.} Bg4 15. Re1 c5 (15... Nf5
16. Ne2 $1 $14 {White must not exchange knights. It is well known that such an
exchange favours Black in this kind of position.}) 16. Nb5 Kd7 $1 {The king is
going to c6, one of the typical manouevres.} 17. c4 Kc6 18. Kf2 {[%csl Rg4,Rh4]
[%cal Gf2g3]} Be7 $2 {After this Black can't stop White's pawns advance in any
satisfactory way.} (18... Be6 $1 19. g4 $1 {The most principled, otherwise
Black has nothing to complain about.} Ng6 $1 (19... h5 20. f5 Bc8 21. h3 hxg4
22. hxg4 g6 23. f6 $1 Bxg4 24. Ng5 Be6 25. Nxe6 fxe6 {leads to a position
which is strategically won for White thanks to the powerful passed Pf6.}) 20.
f5 (20. Rg1 Bd7 $132 {[%cal Gh6h5] The point is that White can't play f4-f5 as
the Pe5 is hanging.}) 20... Nxe5 21. Kg3 (21. fxe6 Nd3+ 22. Ke2 Nxe1 23. Kxe1
a6 24. Nbc3 f6 $1 ({Of course not} 24... fxe6 $2 {which ruins Black's
structure.}) 25. Ne2 Re8 26. Nf4 Bd6 27. Nxd6 cxd6 28. Bb2 g5 29. Nh5 Rxe6+ 30.
Kd2 Rhe8 31. Ng3 d5 32. cxd5+ Kxd5 {In this endgame Black is at least not
worse.}) 21... Bd7 $1 (21... Bc8 22. Bf4 $1 Nd3 23. Nxc7 Nxe1 24. Rxe1 Rb8 25.
Nb5 Ra8 26. Ned6 Bxd6 27. Nxd6 {[%cal Ge1e7] White is an exchange down, but
dominating.}) 22. Nxc5 Bxc5 23. Rxe5 Rad8 24. b4 Bxb4 25. Nxa7+ Kb6 26. Rb1
Kxa7 27. Rxb4 Rhe8 $11) 19. h3 Bd7 20. g4 h5 (20... Ng6 21. Ng3 Bh4 22. Kf3 {
and White achieves the desirable f4-f5.}) 21. f5 hxg4 22. hxg4 Nxf5 $1 {
This is the best practical chance.} 23. gxf5 Rh2+ $6 (23... Bh4+ 24. Ng3 Bxf5 {
Here White's task would be not easy at all. For instance:} 25. Bg5 (25. Bf4 a6
26. Nc3 Rad8 27. Rad1 {is another option, but White still has to work hard to
win this.}) 25... Bxg5 26. Nxf5 a6 27. Nc3 $1 (27. Rg1 $2 Rh2+ 28. Kf3 Bd2 29.
Ne7+ ({After} 29. Na3 Bc3 {Black can get too many pawns for a piece.}) 29...
Kd7 30. Nxc7 Kxc7 31. Nd5+ Kc6 32. Rxg7 Re8 33. Rxf7 Rxe5 34. Rc7+ Kd6 35. Rxb7
Rg5 $11) 27... Bd2 28. Red1 Rae8 (28... Bxc3 $2 29. Ne7+ Kb6 30. Nd5+ $18) 29.
Rxd2 Rh2+ 30. Ke3 Rxe5+ 31. Ne4 Rxd2 32. Kxd2 Rxf5 33. Rg1 {and White should
win.}) 24. Kg1 Rah8 25. Ng3 $18 R2h3 26. Bf4 a6 (26... Bg5 27. Ne2 Bxf4 28.
Nxf4 Rh1+ 29. Kg2 R1h2+ 30. Kf3 Bxf5 31. Rg1 $18) 27. Na7+ $1 {Karjakin finds
the solution.} Kb6 28. e6 {The knight on a7 is trapped, but also the bishop on
d7!} Bd6 (28... fxe6 29. fxe6 Bg5 30. exd7 Bxf4 31. Nc8+ $1 Kc6 32. Ne7+ $1
Kxd7 33. Rad1+ Bd6 34. Nef5 $18 {Amazing knight!}) 29. Bxd6 cxd6 30. exd7 Rxg3+
31. Kf2 Rgh3 {The last attempt for a perpetual check.} 32. Re8 Rh2+ 33. Ke1 {
The king runs away to the shelter on a3.} Rh1+ 34. Kd2 R8h2+ 35. Kc3 Rh3+ 36.
Kb2 1-0

[Event "ARM-ch 66th"]
[Site "Yerevan"]
[Date "2006.03.19"]
[Round "4"]
[White "Petrosian, Tigran L"]
[Black "Minasian, Ara"]
[Result "1-0"]
[WhiteElo "2558"]
[BlackElo "2487"]
[Annotator "Postny,E"]
[PlyCount "59"]
[EventDate "2006.03.16"]
[EventType "tourn"]
[EventRounds "9"]
[EventCountry "ARM"]
[EventCategory "11"]
[SourceTitle "CBM 112"]
[Source "ChessBase"]
[SourceDate "2006.06.07"]
[SourceVersion "1"]
[SourceVersionDate "2006.06.07"]
[SourceQuality "1"]

{[%mdl 1]} 1. e4 e5 2. Nf3 Nc6 3. Bb5 Nf6 4. O-O Nxe4 5. Qe2 {This move was
popular in the 19th century.} (5. d4 {is the main line.}) 5... Ng5 $6 {This
retreat is risky. Both 5...Nf6 and 5...Nc5 are sufficient for equality.} (5...
Nf6 6. d4 e4 7. Nc3 Be7 8. Nxe4 Nxe4 9. Qxe4 d5 10. Qe5 O-O 11. Qg3 Bf5 $11 {
1/2-1/2 Van der Weide,K (2452)-Jonkman,H (2446)/Utrecht 2000/EXT 2002 (51)}) (
5... Nd6 {This is the main retreat.} 6. Bxc6 dxc6 7. Qxe5+ Be6 (7... Qe7 8. Qa5
Qd8 9. Qe5+ Be6 10. Ng5 Qf6 11. Re1 O-O-O 12. Nxe6 Re8 13. Qxf6 gxf6 14. b3
Rxe6 15. Rxe6 fxe6 $11 {1/2-1/2 Luther,T (2571)-Ivanchuk,V (2704)/Istanbul
2003/CBM 096 (32)}) 8. Ng5 Nc4 9. Nxe6 Nxe5 10. Nxd8 Kxd8 11. Nc3 Kd7 $11 {
1/2-1/2 Luther,T (2604)-Georgiev,K (2695)/Germany 2001/EXT 2003 (34)}) 6. Nxg5
$1 $146 (6. Bxc6 $6 dxc6 7. Nxg5 Qxg5 8. d4 Qe7 9. dxe5 Bf5 10. Na3 Qe6 11. Nc4
Bc5 12. Kh1 O-O-O $15 {0-1 Tessier Desrosiers,O (2141)-Jonkman,H (2425)/
Kapuskasing 2004/CBM 101 ext (30)}) 6... Qxg5 7. d4 {White wins some tempos,
getting a clear advantage in development.} Qe7 8. dxe5 Nd4 (8... Qxe5 $2 9.
Qxe5+ Nxe5 10. Re1 f6 11. f4 {wins a piece.}) 9. Qd3 Qxe5 10. Bd2 $1 Ne6 (10...
Qxb5 11. Re1+ Kd8 12. Qxd4) (10... Nxc2 11. Qxc2 (11. Bc3 $5) 11... Qxb5 12.
Qxc7 {In all the cases White has more than sufficient compensation for the
pawn.}) 11. Re1 Qd6 12. Qh3 Be7 13. Bd3 c6 {Preparing the development of the
queenside.} 14. Nc3 Qc7 15. f4 g6 16. g4 $1 {[%mdl 128]} ({The immediate 16.f5
was much worse:} 16. f5 $2 gxf5 17. Qxf5 d5 18. Rf1 Ng5 19. Qf2 Rg8 20. Bxg5
Bxg5 21. Rae1+ Be6 22. Bf5 Qb6 23. Bxe6 fxe6 24. Rxe6+ Kd7 $15) 16... O-O {
Black's king goes right into the fire. On the other hand, the alternatives are
probably not better.} (16... d5 17. f5 gxf5 18. gxf5 Nc5 19. Rxe7+ Qxe7 20. Re1
Be6 21. fxe6 fxe6 22. Bf5 Kd7 23. Na4 $1 Nxa4 24. Rxe6 $18) (16... Nxf4 $2 17.
Bxf4 Qxf4 18. Re4 $18 {[%csl Re7,Re8][%cal Ga1e1]}) (16... h5 17. f5 $40) 17.
f5 Ng5 18. Qe3 Bf6 19. Rf1 $1 (19. h4 $4 Bd4 20. Qxd4 Nf3+ {winning the queen.}
) 19... d5 20. fxg6 $1 d4 (20... fxg6 21. Rxf6 Rxf6 22. Qxg5 $18) 21. gxh7+ Kg7
22. Qe1 $1 dxc3 23. Bxc3 {Black is a piece up, but White's attack is ferocious.
} Qb6+ (23... Bxc3 24. Qxc3+ f6 25. Rxf6 Rxf6 26. Qxf6+ Kxf6 27. h8=Q+ Ke7 28.
Qg7+ Kd6 (28... Nf7 29. Re1+ Be6 30. Bf5 $18) 29. Qd4+ Ke7 30. Qc5+ Qd6 31.
Qxg5+ $18) 24. Kh1 Bd4 25. Qh4 Ne6 {[%tqu "En","Find the most spectacular
winning continuation for White.","","","h4f6","The most spectacular finish.",
15,"f1f7","",0]} 26. Qf6+ $3 {[%mdl 512] The most spectacular finish.} (26.
Rxf7+ $1 Kxf7 (26... Rxf7 27. h8=Q#) 27. Rf1+ Ke8 28. Rxf8+ Nxf8 29. Bxd4 Qxd4
30. h8=Q $18 {was quite convincing as well.}) 26... Bxf6 27. Bxf6+ Kh6 28. Rf5
Ng7 {Readers should also thank Black for not ruining such a rare and glorious
mating construction.} (28... Ng5 29. Rxg5 Bxg4 30. Rxg4 Qf2 31. Rf1 $18) (28...
Qc5 29. Raf1 $1 {[%cal Rf1f3]}) {[%tqu "En","Can you spot the mate in two?","",
"","f5h5","",5]} 29. Rh5+ $1 Nxh5 30. g5# {Glorious game by Tigran Petrosian!
It's very hard to point out where Black made the decisive mistake.} 1-0